Colección del Museo Guggenheim Bilbao
Uloženo v:
| Médium: | Kniha |
|---|---|
| Jazyk: | španělština |
| Vydáno: |
Madrid
TF Editores
2009
|
| Vydání: | 1a. ed |
| Témata: | |
| Tagy: |
Přidat tag
Žádné tagy, Buďte první, kdo vytvoří štítek k tomuto záznamu!
|
MARC
| LEADER | 00000cam a2200000 a 4500 | ||
|---|---|---|---|
| 001 | UCB0215 | ||
| 003 | CL-VaPUC | ||
| 005 | 20220827074432.0 | ||
| 008 | 191220e20090000sp spa d | ||
| 020 | |a 9788492441839 | ||
| 040 | |c Pontificia Universidad Católica de Valparaíso | ||
| 082 | 0 | 4 | |a 708.946 COL 2009 |2 21 |
| 245 | 1 | 0 | |a Colección del Museo Guggenheim Bilbao |
| 250 | |a 1a. ed | ||
| 260 | |a Madrid |b TF Editores |c 2009 | ||
| 300 | |a 535 p | ||
| 583 | |a last modification |c 20191220 13:26:00 |k Rodrigo Vera | ||
| 650 | 0 | 0 | |a Museos de arte |9 265235 |
| 650 | 0 | 0 | |a Bellas artes |9 334299 |
| 650 | 0 | 7 | |a GALERIAS DE ARTE |2 CL-VaPUC |9 605539 |
| 942 | |c BK |2 ddc | ||
| 945 | |a dcastane |d 20191220 13:26:00 | ||
| 999 | |c 376375 |d 376373 | ||
| 952 | |0 0 |1 0 |2 ddc |4 0 |6 708_946000000000000_COL_2009 |7 0 |9 494973 |a BIBART |b BIBART |d 2019-12-11 |e 14 |g 36540.00 |i 5567734 |o 708.946 COL 2009 |p 5567734 |r 2025-03-13 |t 1 |v 36540.00 |w 2019-12-11 |y BK | ||